[Event "SLO-chT Central Superliga 17th"]
[Site "Slovenia"]
[Date "2016.10.27"]
[Round "6.3"]
[White "Hocevar, Filip"]
[Black "Skok, Boris"]
[Result "0-1"]
[WhiteElo "1961"]
[BlackElo "2001"]
[PlyCount "66"]
[EventDate "2016.09.22"]
[EventType "team-tourn"]
[EventRounds "9"]
[EventCountry "SLO"]
[SourceTitle "EXT 2023"]
[Source "ChessBase"]
[SourceDate "2022.10.05"]
[SourceVersion "1"]
[SourceVersionDate "2022.10.05"]
[SourceQuality "1"]
[WhiteTeam "Vrhnika"]
[BlackTeam "Bor Dob"]
[WhiteTeamCountry "SLO"]
[BlackTeamCountry "SLO"]

1. Nf3 Nf6 2. g3 d5 3. Bg2 c6 4. d3 Bg4 5. Nbd2 Nbd7 6. b3 e6 7. Bb2 Be7 8. h3 Bh5 9. e4 dxe4 10. dxe4 0-0 11. 0-0 Qc7 12. Qe2 Rfd8 13. Rfe1 a5 14. a3 Bc5 15. e5 Nd5 16. c4 N5b6 17. Ne4 Be7 18. Qe3 a4 19. g4 Bg6 20. Nfd2 axb3 21. Qxb3 Na4 22. f4 Ndc5 23. Qc2 Nxb2 24. Qxb2 Nd3 25. Qc2 Nxe1 26. Rxe1 Qa5 27. Nf3 Qxa3 28. h4 Rd3 29. Qe2 Rad8 30. Nf2 Bc5 31. h5 Re3 32. hxg6 Rxe2 33. gxf7+ Kxf7 0-1

[Event "SLO-chT Central Superliga 17th"]
[Site "Slovenia"]
[Date "2016.10.20"]
[Round "5.3"]
[White "Hocevar, Filip"]
[Black "Lucovnik, Tilen"]
[Result "1/2-1/2"]
[WhiteElo "1961"]
[BlackElo "2041"]
[PlyCount "86"]
[EventDate "2016.09.22"]
[EventType "team-tourn"]
[EventRounds "9"]
[EventCountry "SLO"]
[SourceTitle "EXT 2023"]
[Source "ChessBase"]
[SourceDate "2022.10.05"]
[SourceVersion "1"]
[SourceVersionDate "2022.10.05"]
[SourceQuality "1"]
[WhiteTeam "Vrhnika"]
[BlackTeam "Komenda Popotnik"]
[WhiteTeamCountry "SLO"]
[BlackTeamCountry "SLO"]

1. Nf3 d5 2. d4 Nf6 3. Bf4 c5 4. e3 Nc6 5. c3 Bg4 6. Nbd2 e6 7. h3 Bf5 8. Be2 Be7 9. Ne5 0-0 10. 0-0 Rc8 11. Ndf3 a6 12. Nxc6 Rxc6 13. Ne5 Rc8 14. Rc1 cxd4 15. exd4 b5 16. a4 Qb6 17. g4 Bg6 18. g5 Ne4 19. Nd7 Qb7 20. Nxf8 Rxf8 21. axb5 axb5 22. h4 f6 23. gxf6 Rxf6 24. Be5 Rf8 25. Bg4 Qb6 26. h5 Be8 27. Qe2 Bg5 28. f4 Ng3 29. Qg2 Nxf1 30. Rxf1 Bh6 31. f5 exf5 32. Rxf5 Rxf5 33. Bxf5 Bf7 34. Qf3 Qb7 35. Qd3 Bxh5 36. Bxh7+ Kh8 37. Bg6 Bxg6 38. Qxg6 Kg8 39. Qe8+ Kh7 40. Qe6 Qa8 41. Kh2 Qa2 42. Qf5+ Kg8 43. Qe6+ Kh7 1/2-1/2

[Event "SLO-chT Central Superliga 17th"]
[Site "Slovenia"]
[Date "2016.10.06"]
[Round "3.2"]
[White "Marn, Jan"]
[Black "Hocevar, Filip"]
[Result "1/2-1/2"]
[WhiteElo "1868"]
[BlackElo "1961"]
[PlyCount "160"]
[EventDate "2016.09.22"]
[EventType "team-tourn"]
[EventRounds "9"]
[EventCountry "SLO"]
[SourceTitle "EXT 2023"]
[Source "ChessBase"]
[SourceDate "2022.10.05"]
[SourceVersion "1"]
[SourceVersionDate "2022.10.05"]
[SourceQuality "1"]
[WhiteTeam "Komenda Pogi"]
[BlackTeam "Vrhnika"]
[WhiteTeamCountry "SLO"]
[BlackTeamCountry "SLO"]

1. e4 d6 2. d4 Nf6 3. Nc3 e5 4. Nf3 Nbd7 5. Bc4 Be7 6. 0-0 0-0 7. Be3 c6 8. a4 Ng4 9. Bd2 Bf6 10. d5 Be7 11. Qe2 Ngf6 12. a5 a6 13. Rfd1 cxd5 14. Nxd5 Nxd5 15. Bxd5 Nf6 16. Be3 Nxd5 17. Rxd5 Be6 18. Bb6 Qc8 19. Rd2 Qc6 20. Ra3 Rac8 21. Rc3 Qa4 22. Ra3 Qc4 23. Qxc4 Rxc4 24. Re3 Rfc8 25. c3 Ra4 26. h3 Rcc4 27. b3 Ra1+ 28. Kh2 Rc6 29. c4 Rb1 30. Red3 f6 31. g4 g5 32. Rd1 Rb2 33. R1d2 Rxd2 34. Nxd2 Kf7 35. Kg3 h5 36. f3 Rc8 37. Kf2 hxg4 38. fxg4 Ke8 39. Ke2 Rc6 40. Ke3 Bd8 41. Bxd8 Kxd8 42. Rc3 Ke7 43. Kd3 Kd7 44. b4 Rc8 45. Kc2 Bf7 46. Kb3 Be6 47. Ka4 Rc7 48. Kb3 Rc6 49. Nb1 b6 50. axb6 Rxb6 51. Ka4 Bf7 52. Ka5 Rc6 53. c5 dxc5 54. bxc5 Kc7 55. Na3 Bg6 56. Nc2 Bxe4 57. Nb4 Re6 58. Nxa6+ Kc8 59. Nb4 Kc7 60. Kb5 Bc6+ 61. Kc4 Bg2 62. Nd5+ Kc6 63. Ne3 Bf3 64. Rc2 Re8 65. Rb2 Rh8 66. Rb6+ Kc7 67. Rxf6 Rxh3 68. Nd5+ Bxd5+ 69. Kxd5 Rg3 70. Rf7+ Kb8 71. Kc6 Rxg4 72. Rf8+ Ka7 73. Kc7 Rc4 74. c6 e4 75. Rf5 Ka6 76. Rxg5 e3 77. Re5 Rc3 78. Kd7 Kb6 79. Re6 e2 80. Rxe2 Rd3+ 1/2-1/2

[Event "SLO-chT Central Superliga 17th"]
[Site "Slovenia"]
[Date "2016.09.29"]
[Round "2.3"]
[White "Jelen, Miha"]
[Black "Hocevar, Filip"]
[Result "0-1"]
[WhiteElo "1938"]
[BlackElo "1961"]
[PlyCount "110"]
[EventDate "2016.09.22"]
[EventType "team-tourn"]
[EventRounds "9"]
[EventCountry "SLO"]
[SourceTitle "EXT 2023"]
[Source "ChessBase"]
[SourceDate "2022.10.05"]
[SourceVersion "1"]
[SourceVersionDate "2022.10.05"]
[SourceQuality "1"]
[WhiteTeam "Ig"]
[BlackTeam "Vrhnika"]
[WhiteTeamCountry "SLO"]
[BlackTeamCountry "SLO"]

1. e4 d6 2. d4 Nf6 3. Nc3 Nbd7 4. f4 c5 5. Nf3 cxd4 6. Nxd4 a6 7. Be2 e6 8. 0-0 Be7 9. Be3 Qc7 10. Bf3 Rb8 11. Qe1 0-0 12. Rd1 b5 13. Qg3 b4 14. Nb1 Bb7 15. Nd2 Nc5 16. e5 Nd5 17. Bxd5 Bxd5 18. f5 f6 19. fxe6 Nxe6 20. Nxe6 Bxe6 21. Bh6 Rf7 22. exf6 Bxf6 23. Ne4 Be5 24. Bf4 Qxc2 25. Bxe5 dxe5 26. Qxe5 Re8 27. Nd6 Rxf1+ 28. Rxf1 Qc7 29. Re1 Re7 30. Nf5 Qb6+ 31. Re3 Rf7 32. Nd6 Rf6 33. Ne8 Rg6 34. Nxg7 Qb7 35. Rg3 Qxg7 36. Rxg6 Qxg6 37. Qb8+ Kg7 38. Qxb4 Qb1+ 39. Kf2 Qc2+ 40. Kg1 Qe2 41. Qe7+ Kg6 42. Qe8+ Kf5 43. Qf8+ Ke4 44. Qb4+ Qc4 45. Qb7+ Ke3 46. Qf3+ Kd2 47. Qf2+ Qe2 48. Qd4+ Kc1 49. Qc3+ Kb1 50. a3 Bd5 51. Qg3 Qd1+ 52. Kf2 Qd4+ 53. Kf1 Bc4+ 54. Ke1 Qg1+ 55. Kd2 Qc1# 0-1

[Event "Ljubljana-chT 67th 2nd League"]
[Site "Ljubljana"]
[Date "2014.03.06"]
[Round "6.2"]
[White "Hocevar, Filip"]
[Black "Menart, Stane"]
[Result "1-0"]
[WhiteElo "1854"]
[BlackElo "1669"]
[PlyCount "77"]
[EventDate "2014.01.09"]
[EventType "team-tourn"]
[EventRounds "10"]
[EventCountry "SLO"]
[SourceTitle "EXT 2022"]
[Source "ChessBase"]
[SourceDate "2021.10.06"]
[SourceVersion "1"]
[SourceVersionDate "2021.10.06"]
[SourceQuality "1"]
[WhiteTeam "Vrhnika"]
[BlackTeam "Ljubljana Energetica Te Tol"]
[WhiteTeamCountry "SLO"]
[BlackTeamCountry "SLO"]

1. e4 c5 2. Nf3 Nc6 3. Nc3 e6 4. g3 d5 5. d3 a6 6. Bg2 dxe4 7. Nxe4 Nf6 8. 0-0 Be7 9. Be3 Nxe4 10. dxe4 0-0 11. c3 Qc7 12. Qe2 b5 13. e5 Bb7 14. Bf4 Na5 15. Rfe1 Rad8 16. h4 Rd7 17. Nd2 Bxg2 18. Kxg2 Rfd8 19. Ne4 Rd5 20. Qg4 Kh8 21. Nf6 Rd3 22. Kg1 Qb7 23. Ne4 h6 24. Qe2 Qc6 25. Nd6 R3xd6 26. exd6 Bxd6 27. Rad1 Be7 28. Rxd8+ Bxd8 29. Rd1 Be7 30. b3 c4 31. b4 Nb7 32. Qe3 f6 33. Bb8 Nd6 34. Qc5 Qf3 35. Rxd6 Bxd6 36. Bxd6 Qxc3 37. Qc8+ Kh7 38. Qxe6 Qa1+ 39. Kg2 1-0

[Event "SLO-chT Central Superliga 13th"]
[Site "Slovenia"]
[Date "2012.10.04"]
[Round "4.9"]
[White "Nadvesnik, Vilma"]
[Black "Hocevar, Filip"]
[Result "1/2-1/2"]
[WhiteElo "1898"]
[BlackElo "1886"]
[PlyCount "63"]
[EventDate "2012.09.13"]
[EventType "team-tourn"]
[EventRounds "7"]
[EventCountry "SLO"]
[SourceTitle "EXT 2022"]
[Source "ChessBase"]
[SourceDate "2021.10.06"]
[SourceVersion "1"]
[SourceVersionDate "2021.10.06"]
[SourceQuality "1"]
[WhiteTeam "Sahara Dogs"]
[BlackTeam "Vrhnika"]
[WhiteTeamCountry "SLO"]
[BlackTeamCountry "SLO"]

1. e4 c5 2. Nf3 d6 3. d4 cxd4 4. Nxd4 Nf6 5. Nc3 a6 6. Be2 Nbd7 7. 0-0 g6 8. f4 Bg7 9. Bf3 0-0 10. Kh1 Qc7 11. Be3 Rb8 12. Nd5 Nxd5 13. exd5 Nf6 14. c3 Qc4 15. Qe2 Qxe2 16. Nxe2 Bg4 17. Rad1 Rbc8 18. Bb6 Rc4 19. b3 Re4 20. Bxg4 Nxg4 21. Ng3 Re3 22. c4 f5 23. Rd2 Bc3 24. Rc2 Rd3 25. Re2 Kf7 26. Kg1 h5 27. Nh1 Bd4+ 28. Bxd4 Rxd4 29. Rfe1 Re8 30. g3 Rd3 31. Nf2 Nxf2 32. Kxf2 1/2-1/2

[Event "SLO-chT Cup"]
[Site "Ljubljana"]
[Date "2012.09.14"]
[Round "1.24"]
[White "Globevnik, Miha"]
[Black "Hocevar, Filip"]
[Result "0-1"]
[WhiteElo "1453"]
[BlackElo "1886"]
[PlyCount "54"]
[EventDate "2012.09.14"]
[EventType "team-swiss"]
[EventRounds "5"]
[EventCountry "SLO"]
[SourceTitle "EXT 2015"]
[Source "ChessBase"]
[SourceDate "2014.11.20"]
[SourceVersion "1"]
[SourceVersionDate "2014.11.20"]
[SourceQuality "1"]
[WhiteTeam "Tomo Zupan Vzajemna"]
[BlackTeam "Vrhnika"]
[WhiteTeamCountry "SLO"]
[BlackTeamCountry "SLO"]

1. e4 d6 2. d4 Nf6 3. Nc3 g6 4. Be3 Bg7 5. Qd2 0-0 6. f3 e5 7. 0-0-0 exd4 8. Bxd4 Nc6 9. Be3 Be6 10. Kb1 a6 11. Bh6 b5 12. h4 Ne5 13. h5 Qd7 14. Bxg7 Kxg7 15. hxg6 fxg6 16. Qh6+ Kg8 17. Be2 Qg7 18. Qh2 Nc4 19. Bxc4 bxc4 20. e5 dxe5 21. Qxe5 Rfe8 22. Nge2 Rab8 23. g4 Bxg4 24. Qf4 Be6 25. Rdg1 Nd5 26. Qg3 Nxc3+ 27. Nxc3 Qxc3 0-1

[Event "Ljubljana-chT 65th 1st League"]
[Site "Ljubljana"]
[Date "2012.01.12"]
[Round "1.1"]
[White "Novakovic, Gosto"]
[Black "Hocevar, Filip"]
[Result "0-1"]
[WhiteElo "1777"]
[BlackElo "1856"]
[PlyCount "120"]
[EventDate "2012.01.12"]
[EventType "team-tourn"]
[EventRounds "9"]
[EventCountry "SLO"]
[SourceTitle "EXT 2022"]
[Source "ChessBase"]
[SourceDate "2021.10.06"]
[SourceVersion "1"]
[SourceVersionDate "2021.10.06"]
[SourceQuality "1"]
[WhiteTeam "Zelenci LPP"]
[BlackTeam "Vrhnika"]
[WhiteTeamCountry "SLO"]
[BlackTeamCountry "SLO"]

1. d4 Nf6 2. c4 d6 3. Nf3 g6 4. Nc3 Bf5 5. e3 Bg7 6. Bd3 Qd7 7. e4 Bg4 8. h3 Bxf3 9. Qxf3 Nc6 10. Be3 0-0 11. Rd1 Ne8 12. Bb1 e5 13. Ne2 exd4 14. Nxd4 Nxd4 15. Bxd4 Bxd4 16. Rxd4 Qe6 17. 0-0 Nf6 18. b3 Rae8 19. Rfd1 a5 20. Qd3 Nh5 21. f3 b6 22. Qf1 Nf4 23. Kh2 Re7 24. g3 Nh5 25. f4 Nf6 26. R1d2 Rfe8 27. Qf3 Qc8 28. Rf2 Qb7 29. f5 g5 30. Re2 Re5 31. g4 h6 32. Bc2 Qb8 33. a3 c5 34. Rd1 d5 35. Qg3 Nxe4 36. Bxe4 dxe4 37. Rde1 Qd6 38. Re3 Qd4 39. a4 f6 40. Qg2 R8e7 41. R1e2 Kf7 42. Qf2 Qd6 43. Kg2 Qc7 44. Qe1 Qc6 45. Rd2 Ke8 46. Qd1 Rd7 47. Rxd7 Qxd7 48. Qxd7+ Kxd7 49. Kf2 Re8 50. Re2 Kd6 51. Rd2+ Ke7 52. Ke3 h5 53. gxh5 Rh8 54. Kxe4 Rxh5 55. Rd3 Rh4+ 56. Kd5 Kd7 57. b4 axb4 58. a5 Rd4+ 59. Rxd4 cxd4 60. Kxd4 bxa5 0-1

[Event "SLO-chT Central Superliga 12th"]
[Site "Slovenia"]
[Date "2011.09.29"]
[Round "3.4"]
[White "Hocevar, Filip"]
[Black "Tisler, Janez"]
[Result "1-0"]
[WhiteElo "1843"]
[BlackElo "1694"]
[PlyCount "85"]
[EventDate "2011.09.08"]
[EventType "team-tourn"]
[EventRounds "7"]
[EventCountry "SLO"]
[SourceTitle "EXT 2022"]
[Source "ChessBase"]
[SourceDate "2021.10.06"]
[SourceVersion "1"]
[SourceVersionDate "2021.10.06"]
[SourceQuality "1"]
[WhiteTeam "Vrhnika"]
[BlackTeam "Podpec MKK"]
[WhiteTeamCountry "SLO"]
[BlackTeamCountry "SLO"]

1. e4 c5 2. Nf3 Nc6 3. Nc3 e6 4. g3 d5 5. exd5 exd5 6. Qe2+ Be6 7. Bg2 Nge7 8. 0-0 Qd7 9. Na4 Nf5 10. c3 Be7 11. b3 0-0 12. d3 b5 13. Nb2 b4 14. Bd2 Rab8 15. Na4 a5 16. Bf4 Rb7 17. Rac1 f6 18. Rfe1 Bf7 19. Bh3 g5 20. Bd2 h5 21. Bg2 Qd6 22. h4 g4 23. Nh2 Re8 24. Qd1 Nxg3 25. Nxg4 Nf5 26. Nh6+ Nxh6 27. Bxh6 f5 28. Qd2 Bxh4 29. Bg5 Rxe1+ 30. Rxe1 Bxg5 31. Qxg5+ Qg6 32. Qxg6+ Bxg6 33. Bxd5+ Kg7 34. Bxc6 Rc7 35. Bb5 h4 36. Kh2 Kf6 37. f4 Bh5 38. Re5 Rg7 39. Rxc5 Bf3 40. cxb4 axb4 41. Rc2 Rg4 42. Bd7 Rxf4 43. Rf2 1-0

[Event "SLO-chT Central Superliga 11th"]
[Site "Slovenia"]
[Date "2010.09.09"]
[Round "1.2"]
[White "Janzelj, Tim"]
[Black "Hocevar, Filip"]
[Result "1-0"]
[WhiteElo "2016"]
[BlackElo "1839"]
[PlyCount "89"]
[EventDate "2010.09.09"]
[EventType "team-tourn"]
[EventRounds "9"]
[EventCountry "SLO"]
[SourceTitle "EXT 2022"]
[Source "ChessBase"]
[SourceDate "2021.10.06"]
[SourceVersion "1"]
[SourceVersionDate "2021.10.06"]
[SourceQuality "1"]
[WhiteTeam "Ig"]
[BlackTeam "Vrhnika"]
[WhiteTeamCountry "SLO"]
[BlackTeamCountry "SLO"]

1. d4 Nf6 2. Nf3 d5 3. c4 e6 4. cxd5 exd5 5. Nc3 Bb4 6. Bg5 0-0 7. e3 c6 8. Qc2 Qd6 9. Bd3 h6 10. Bf4 Qd8 11. h3 Re8 12. 0-0 Bd6 13. Be5 Qe7 14. Bxd6 Qxd6 15. Ne5 Nbd7 16. f4 Nf8 17. g4 N6d7 18. Rae1 f6 19. Nf3 Nb6 20. Nh4 Be6 21. Ne2 Rac8 22. Ng3 c5 23. Nhf5 Qc6 24. Qg2 c4 25. Bb1 a5 26. g5 fxg5 27. fxg5 hxg5 28. Nxg7 Nh7 29. Nxe8 Qxe8 30. Bxh7+ Kxh7 31. Rf6 Kg7 32. Ne4 g4 33. Nd6 Kxf6 34. Nxe8+ Rxe8 35. hxg4 Rg8 36. Rf1+ Ke7 37. g5 Nd7 38. g6 Rg7 39. Qg5+ Ke8 40. Qh6 Rg8 41. g7 Ke7 42. Rf2 b5 43. Rg2 b4 44. Rg6 Bf7 45. Qg5+ 1-0

[Event "SLO-chT U20"]
[Site "Novo Mesto"]
[Date "2003.08.27"]
[Round "6"]
[White "Hocevar, Filip"]
[Black "Buzeti, Jernej"]
[Result "1-0"]
[WhiteElo "1706"]
[BlackElo "1848"]
[PlyCount "85"]
[EventDate "2003.08.23"]
[EventType "team"]
[EventRounds "7"]
[EventCountry "SLO"]
[SourceTitle "EXT 2005"]
[Source "ChessBase"]
[SourceDate "2004.11.15"]
[SourceVersion "1"]
[SourceVersionDate "2004.11.15"]
[SourceQuality "1"]

1. e4 c5 2. c3 Nf6 3. e5 Nd5 4. Nf3 Nc6 5. d4 cxd4 6. cxd4 d6 7. Bc4 dxe5 8. dxe5 e6 9. 0-0 Be7 10. a3 Nb6 11. Bd3 0-0 12. Nc3 a6 13. Re1 Qc7 14. Qc2 g6 15. Bf4 Bd7 16. Rad1 Rac8 17. Qb1 Rfd8 18. h4 Be8 19. h5 Nd5 20. Bd2 Nxc3 21. Bxc3 b5 22. hxg6 hxg6 23. Re4 Rd5 24. Rde1 Rcd8 25. Bc2 a5 26. b4 axb4 27. Bxb4 Nxb4 28. axb4 Qb6 29. Rg4 Kg7 30. Ng5 Bxg5 31. Rxg5 Rd2 32. Rf1 Qd4 33. Be4 Rb2 34. Qe1 Qxb4 35. Qe3 Qd2 36. Qg3 Rd4 37. Rg4 b4 38. Qf3 Qh6 39. Qf6+ Kg8 40. Rh4 Qg7 41. Qe7 Ba4 42. Rc1 Bc2 43. Qe8+ 1-0